01185nam a2200241Ia 4500003000900000008004100009020001800050040001600068080002300084111014100107245030100248260004200549300002300591650004100614650003000655650002600685700003000711700003400741700003700775942000700812999001500819952010900834IN-BaIIA211028s9999 xx 000 0 eng d a90-277-2326-5 cIIA Library a52(082.1)bASS-128 aColloquium of the International Astronomical Union on Hydrogen Deficient Stars and Related Objectsn87thcMysored1985 Nov. 10-15915162 0aHydrogen deficient Stars and Related objectsbproceedings of the 87th colloquium of the IAU on hydrogen deficient Stars and Related objects, held in Mysore, India, 10-15 November 1985cedited by Kurt Hunger, Detlef Schonberner and N. Kameswara Rao  aDordrechtbD. Reidel Publishingc1986 a[various pagings.] aAstronomy and Astrophysics thesaurus aHydrogen deficient915163 aMetal abundance93828 aHunger, Kurt., ed.915164 aKameswara Rao, N., ed.915165 aSchonberner, Detlef., ed.915166 cBK c9014d9014 00104070aBANbBANcGENd1987-05-04l0o52(082.1)/ ASS-128p9907r2021-11-05w1987-05-04yBKG£ 66.00